000 00569nam a2200169Ia 4500
005 20250923145304.0
008 008 250917s9999 xx 000 0 eng d
037 _aTextual
040 _aDSWL
_beng
_cDSWL
041 _aeng
_2eng
084 _aYX,z0(TD);5.2, N72
_qDSWL
245 0 _aReport of the Study Group on Preschool Child
_cby Ministry of Education and Soc. Welfare
260 _aNew Delhi
_b Ministry of Education & Soc. Welfare Govt. of India
_c1972
300 _a99p.
942 _cTEXL
_hYX,z0(TD);5.2, N72
999 _c1449519
_d1449519